| 000 | 01536nam a22003857a 4500 | ||
|---|---|---|---|
| 003 | CHAP | ||
| 005 | 20220329143832.0 | ||
| 008 | 111111s2011 mx r 00010 spa d | ||
| 010 | _a102531 | ||
| 011 | _a103503 | ||
| 035 | _a114192 | ||
| 040 | _cCHAP | ||
| 090 | _aTesis | ||
| 100 | 1 |
_aLerín Cruz, Azalea. _966311 |
|
| 245 | 1 | 0 |
_aEducación participativa en el Estado de Oaxaca : _h[En línea] _btres experiencias en comunidades rurales _c/por Azalea Lerín Cruz |
| 260 |
_aOaxaca, Oax. _bEl autor, _c2011 |
||
| 500 | _aPara ver el contenido del matrial haga clic en la liga | ||
| 502 | _aTesis (Ing. Agr. Esp. en Zonas Tropicales) -- UACH. Centro Regional Universitario Sur | ||
| 590 |
_aALEPH _b10 _c20130110 _lUCH01 _h1543 |
||
| 590 |
_aBATCH-UPD _b10 _c20130110 _lUCH01 _h1213 |
||
| 590 |
_aBATCH-UPD _b10 _c20130410 _lUCH01 _h0742 |
||
| 590 |
_aBATCH-UPD _b10 _c20130914 _lUCH01 _h1025 |
||
| 590 |
_aBATCH-UPD _b10 _c20140324 _lUCH01 _h1528 |
||
| 590 |
_aBATCH-UPD _b10 _c20141002 _lUCH01 _h0851 |
||
| 590 |
_aCONVERSION _b10 _c20130109 _lUCH01 _h1356 |
||
| 650 | 1 | 4 |
_aAgricultura _xInnovaciones tecnológicas. _91565 |
| 650 | 1 | 4 |
_aComunidades rurales. _926254 |
| 650 | 1 | 4 |
_aEducación agrícola _xOaxaca. _935536 |
| 650 | 1 | 4 |
_aParticipación ciudadana _985800 |
| 856 |
_3Finding aid _uhttp://10.13.5.2/tesis/114192.pdf _zTeclea aqui |
||
| 901 | _aBK | ||
| 942 | _cFOLL | ||
| 949 |
_aTesis _bBC _cTES _d33724002313538 _eTS1 _gDonaciØn _h53005 _i114192 _st |
||
| 949 |
_aTesis _bBC _cTES _d33724002313579 _eTS2 _fc.2 _gDonaciØn _h53006 _i114192 _st |
||
| 999 |
_c102531 _d102531 |
||